Music Artists by Song - G - Statistics

General Stats
  • This quiz has been taken 107 times
  • The average score is 10 of 24
Answer Stats
Songs Artist % Correct
Careless Whisper / Faith / Father Figure George Michael
92%
Basket Case / American Idiot / Boulevard of Broken Dreams Green Day
90%
Sweet Child O' Mine / Welcome To The Jungle / Paradise City Guns N' Roses
88%
The Sweet Escape / Luxurious / Hollaback Girl Gwen Stefani
85%
Feel Good Inc. / On Melancholy Hill / Clint Eastwood Gorillaz
82%
Iris / Slide / Name The Goo Goo Dolls
77%
Invisible Touch / That's All / I Can't Dance Genesis
73%
My Sweet Lord / Got My Mind Set on You / What Is Life George Harrison
63%
Heat Waves / Take A Slice / Youth Glass Animals
49%
Crazy / Who's Gonna Save My Soul / Smiley Faces Gnarls Barkley
44%
Southern Nights / Rhinestone Cowboy / Wichita Lineman Glen Campbell
36%
That's So True / I Love You, I'm Sorry / Close To You Gracie Abrams
30%
Stereo Hearts / Cupid's Chokehold / Ass Back Home Gym Class Heroes
29%
we fell in love in october / i wanna be your girlfriend / bad idea! girl in red
25%
Sailor Song / Fable / Please Be Rude Gigi Perez
23%
In the Mood / Moonlight Serenade / A String of Pearls Glenn Miller
22%
WHATCHU KNO ABOUT ME / TGIF / Yeah Glo! GloRilla
22%
The Heat Is On / Lover's Moon / The One You Love Glenn Frey
21%
Just the Two of Us / Mister Magic / Let It Flow Grover Washington, Jr.
18%
Genesis / Oblivion / Kill V. Maim Grimes
15%
Battle Scars / Angels Brought Me Here / Who's That Girl Guy Sebastian
5%
Full Clip / Work / Mass Appeal Gang Starr
4%
Cry Little Sister / Ain't Too Many More Like You / All the Way Gerard McMann
3%
Home / Ripple / Starry Eyed Good Neighbours
3%
No matching quizzes found
Score Distribution
Percent of People with Each Score
Percentile by Number Answered
Your Score History
You have not taken this quiz